00531nam a2200193Ii 450000100060000000300090000600800410001502000150005604000330007104100080010408200160011210000230012824500550015126400380020630000120024433600260025633700280028233800270031015330CO-ViMGA241108s9999||||xx |||||||||||||| ||und|| a9588646138 aCO-ViMGAbspaerdacCO-ViMGA0 aspa04a016.641 A541 aJorge Orlando Melo10aAlimentación y cocina :bbibliografía básica 1aBogotá, Colombia : Cesacc, 2011 avolumen atextbtxt2rdacontent aunmediatedbn2rdamedia avolumebnc2rdacarrier